| 000 | 00000nam##2200000za#4500 |
| 001 | 9.697978 |
| 003 | CaOODSP |
| 005 | 20210624235724 |
| 007 | cr ||||||||||| |
| 008 | 150407|2004||||xxc|||||o f|0| 0 eng|d |
| 040 | |aCaOODSP|beng |
| 043 | |an-cn--- |
| 086 | 1 |aEn4-197/2004E-PDF |
| 110 | 1 |aCanada. |bEnvironment Canada. |bAudit and Evaluation Branch. |
| 245 | 10|aMSC audit of WEP products costing-pricing practices |h[electronic resource] |
| 260 | |aGatineau - Quebec : |bEnvironment Canada. |cNovember 2004. |
| 300 | |a54p.|bfig., organization chart, tables |
| 590 | |a13-14-Supp|b2013-05-30 |
| 690 | 07|aCosts|2gcpds |
| 690 | 07|aPrices|2gcpds |
| 690 | 07|aWeather forecasts|2gcpds |
| 775 | 08|tVérification des méthodes et des pratiques d'établissement des coûts et des prix des produits de PME |w(CaOODSP)9.641973 |
| 856 | 40|ahttp://publications.gc.ca|qPDF|s728 KB|uhttps://publications.gc.ca/collections/collection_2013/ec/En4-197-2004-eng.pdf |